Znalostný manažment a jeho využitie v podnikovej praxi
Vplyv znalostí na podnikateľské prostredie. Systém manažmentu znalostí v praxi. Implementácia systému riadenia znalostí a jej 4 fázy.
Salvato in:
| Autore principale: | |
|---|---|
| Altri autori: | |
| Natura: | Capitolo di libro |
| Lingua: | slovacco |
| Soggetti: | |
| Tags: |
Nessun Tag, puoi essere il primo ad aggiungerne!!
|
MARC
| LEADER | 00000nla$a2200000$$$4500 | ||
|---|---|---|---|
| 001 | 0114521 | ||
| 005 | 20240502072257.8 | ||
| 041 | 0 | |a slo | |
| 044 | |a SK | ||
| 245 | 1 | 0 | |a Znalostný manažment a jeho využitie v podnikovej praxi |c Katarína Mončeková, Miroslav Uhliar |
| 520 | |a Vplyv znalostí na podnikateľské prostredie. Systém manažmentu znalostí v praxi. Implementácia systému riadenia znalostí a jej 4 fázy. | ||
| 610 | 2 | 0 | |a vedomosti |
| 610 | 2 | 0 | |a riadenie znalostí |
| 610 | 2 | 0 | |a systémy riadenia |
| 610 | 2 | 0 | |a ekonomika vedomostná |
| 610 | 2 | 0 | |a konkurencieschopnosť |
| 100 | 1 | |a Mončeková, Katarína | |
| 700 | 1 | |a Uhliar, Miroslav, 1981- | |